| Tag |
First Indicator |
Second Indicator |
Subfields |
| LEADER |
00000cam a2200000 i 4500 |
| 001 |
in00004647213 |
| 003 |
OCoLC |
| 005 |
20230714205408.0 |
| 008 |
220401t20232023nyu b 001 0 eng |
| 010 |
|
|
|a 2022015084
|
| 040 |
|
|
|a DLC
|e rda
|c DLC
|
| 020 |
|
|
|a 9781032058481
|q (hbk)
|
| 020 |
|
|
|a 103205848X
|
| 020 |
|
|
|a 9781032058450
|q (pbk)
|
| 020 |
|
|
|a 1032058455
|
| 020 |
|
|
|z 9781003199472
|q (ebk)
|
| 035 |
|
|
|a (OCoLC)1309048484
|
| 050 |
0 |
0 |
|a PE1101
|b .S5813 2023
|
| 082 |
0 |
0 |
|a 420/.9
|2 23
|
| 100 |
1 |
|
|a Smith, J. J.
|q (Jeremy J.),
|e author.
|
| 245 |
1 |
0 |
|a Essentials of early English :
|b an introduction to old, middle, and early modern English /
|c Jeremy J. Smith.
|
| 250 |
|
|
|a Third edition.
|
| 264 |
|
1 |
|a London ;
|a New York :
|b Routledge,
|c [2023].
|
| 264 |
|
4 |
|c ©2023.
|
| 300 |
|
|
|a xiv, 245 pages ;
|c 24 cm.
|
| 336 |
|
|
|a text
|b txt
|2 rdacontent
|
| 337 |
|
|
|a unmediated
|b n
|2 rdamedia
|
| 338 |
|
|
|a volume
|b nc
|2 rdacarrier
|
| 504 |
|
|
|a Includes bibliographical references (pages [219]-220) and index.
|
| 520 |
|
|
|a The third edition of this successful textbook has been fully revised and updated. Essentials of Early English is a practical and highly accessible introduction to the early stages of the English language, Old English, Middle English and Early Modem English. Designed specifically as a handbook for students beginning the study of early English language, whether for linguistic or literary purposes, it presumes little or no prior knowledge of the history of English. Features of this new edition include comprehensive updating of the contents to take account of new developments in the subject, newly added sample texts and accompanying notes, links to images of many of the illustrative texts and an updated annotated bibliography. A contextual introduction of the history of English is provided, which includes an outline of English in relation to its origins. A deeper analysis is then given on each of the key stages of early English, using the language of King Alfred, Chaucer and Shakespeare respectively to illustrate points. Thus, the essential characteristics of each stage of the language are provided to create the ideal course book for History of English courses and to give the student a firm foundation of basic linguistic knowledge which can be applied to further study.
|
| 650 |
|
0 |
|a English language
|x Grammar, Historical
|v Handbooks, manuals, etc.
|
| 650 |
|
0 |
|a English language
|x History
|v Handbooks, manuals, etc.
|
| 650 |
|
0 |
|a English language
|y Old English, ca. 450-1100
|v Handbooks, manuals, etc.
|
| 650 |
|
0 |
|a English language
|y Middle English, 1100-1500
|v Handbooks, manuals, etc.
|
| 650 |
|
0 |
|a English language
|y Early modern, 1500-1700
|v Handbooks, manuals, etc.
|
| 945 |
|
|
|b 595863
|
| 947 |
|
|
|a A14851377474
|
| 948 |
|
|
|a dmitchel 7/14/23 3.50.30
|
| 980 |
|
|
|b print
|c 40031544436
|f NONFIC/B
|g 565714
|k USD
|m 36.41
|q 1
|s AcqMono Conventional
|t Approval plan
|u Vendor order reference number
|v ZYBP
|y Print approval
|z Physical resource
|
| 999 |
f |
f |
|i 10bcc9cd-e7d9-4ff7-b6a2-91350851e9a1
|s 1258a14f-c2f3-4430-a1b2-7bf2db02fbe0
|t 0
|
| 952 |
f |
f |
|p normal
|a Texas A&M University
|b College Station
|c Sterling C. Evans Library
|s Evans stk
|d Evans: Library Stacks
|t 0
|e PE1101 .S5813 2023
|h Library of Congress classification
|i unmediated -- volume
|m A14851377474
|
| 998 |
f |
f |
|a PE1101 .S5813 2023
|t 0
|l Evans: Library Stacks
|